Moving around
Αποθηκεύτηκε σε:
| Κύριος συγγραφέας: | |
|---|---|
| Άλλοι συγγραφείς: | |
| Μορφή: | Βιβλίο |
| Γλώσσα: | English |
| Δημοσίευση: |
Wolsey House, Hemel Hempstead :
Simon & Schuster,
c1983
|
| Σειρά: | Learning Through Science
|
| Θέματα: | |
| Ετικέτες: |
Προσθήκη ετικέτας
Δεν υπάρχουν, Καταχωρήστε ετικέτα πρώτοι!
|
MARC
| LEADER | 00000nam a2200000 i 4500 | ||
|---|---|---|---|
| 001 | 1/12001 | ||
| 008 | 000919s1983 eng d | ||
| 020 | |a 0-7501-0020-6 | ||
| 035 | |l 10064045 | ||
| 040 | |a GR-MY-UA |b gre |e aacr | ||
| 041 | 0 | |a eng | |
| 082 | 0 | |a 372.35 | |
| 100 | 1 | |a Richards, Roy. | |
| 245 | 1 | 0 | |a Moving around / |c Roy Richards, Doug Kincaid |
| 260 | |a Wolsey House, Hemel Hempstead : |b Simon & Schuster, |c c1983 | ||
| 300 | |a 28 p.; |c 21 cm | ||
| 490 | 1 | |a Learning through science | |
| 500 | |a 2x24 pupils cards and teachers' book | ||
| 650 | 0 | 0 | |a Science |x Study and teaching (Elementary) |
| 650 | 0 | 0 | |a Transportation. |
| 700 | 1 | |a Kincaid, Doug. | |
| 830 | 0 | |a Learning Through Science | |
| 852 | |a INST |b RHODES |e 20000919 |h 372.35 RIC |p 005400008506 |q 005400008506 |t BK |y 0 | ||
| 901 | |a BIBL4-2000-2 | ||
| 909 | |a Ρ |b 023038 | ||
| 922 | |a 4ΕΛΗ |b 199203 | ||
| 970 | |z 2000/09/ΧΡΥΣΑΝΘΗ | ||